01174nam a2200193Ia 4500001001000000003001000010008004100020040002500061041001200086100003600098245005300134250001100187260008700198300001200285500026600297501011400563520026600677650003700943L189-1699IT-CnALBA170116s9999||||xx |||||||||||||| ||und|| aIT-CnALBAcIT-CnALBA aLATINO  aTOMMASO D'AQUINOgSANTO DOTTORE 0aSUMMA CONTRA GENTILES. VOL. II. LIBRO III E IV.  a1a ed. a TO BO CT PAbSOCIETÀ ED. INTER. c1930 [1° Ed.:1930 - Ed.Ling.Originale: 1930] a644 p.  aTRADUZIONE DI PULCETTI ANGELO. INTRODUZIONE. IL BENE E IL MALE. FINALITÀ DELLE COSE. FINALITÀ DELL'UOMO. CONTEMPLAZIONE DI DIO. PROVVIDENZA DI DIO. MIRACOLI E OPERE MERAVIGLIOSE. LEGGE DIVINA. GRAZIA DIVINA. TRINITÀ. INCARNAZIONE. SACRAMENTI. VITA ETERNA. aSocietà San Paolo EM - Piazza San Paolo, 14 - 12051 ALBA (CN) (non commercial uses only) ® Copyright 2017 aTRADUZIONE DI PULCETTI ANGELO. INTRODUZIONE. IL BENE E IL MALE. FINALITÀ DELLE COSE. FINALITÀ DELL'UOMO. CONTEMPLAZIONE DI DIO. PROVVIDENZA DI DIO. MIRACOLI E OPERE MERAVIGLIOSE. LEGGE DIVINA. GRAZIA DIVINA. TRINITÀ. INCARNAZIONE. SACRAMENTI. VITA ETERNA. aFILOSOFIA MEDIOEVALE OCCIDENTALE